01631 a2200241 45000010006000000050017000060080041000230030015000640400040000790800051001192450030001700200022002002640032002223000019002545050807002730410008010809420007010885900036010951000027011319990015011589520108011739520108012816181320260407155909.0260407a1989 arg spa dAR-UNSa-BCEJYS aAR-UNSa-BCEJYSbspacAR-UNSa-BCEJYS a347.772xMarcas comerciales: registro, control10aTratado del nombre social a978-950-569-025-1 1aBuenos Aires :bAbacoc1989 a461 p.c23 cm. a1. Historia del nombre y la marca – 2. Evolución legislativa – 3. Naturaleza jurídica del nombre civil – 4. Naturaleza jurídica del nombre comercial – 5. Naturaleza jurídica del nombre social – 6. El nombre social y otras personas jurídicas. Naturaleza jurídica – 7. El seudónimo – 8. La enseña – 9. Adquisición del nombre – 10. Cese, pérdida y extinción del nombre – 11. Protección del nombre – 12. Conflictos del nombre – 13. La firma – 14. El nombre en las sociedades comerciales – 15. El nombre social en las sociedades cooperativas, sociedades civiles, asociaciones, diversos entes y otros supuestos – 16. Transferencia del nombre – 17. La prescripción – 18. Usurpación del nombre – 19. Competencia – 20. Recurso extraordinario – aspa cBK aniveau_biblio:m niveau_hierar:01 aCornejo Costas, Emilio c7417d7417 00104070aBCEJYSbBCEJYSc16d2026-04-07l0o347.772 C813pL53127r2026-04-07 15:59:09w2026-04-07yL 00104070aBCEJYSbBCEJYSc16d2026-04-07l0o347.772 C813pL45924r2026-04-07 15:59:09w2026-04-07yL